Nông dược sử dụng và bảo quản

Cuốn sách phục vụ cho nhiều đối tượng, không đi quá sâu, quá chi tiết vào chuyên môn của nông dược mà chỉ nêu những vấn đề chung nhất, cô đọng nhất về những nông dược thông dụng.

保存先:
書誌詳細
第一著者: Nguyễn Xuân Thành
フォーマット: 図書
言語:Undetermined
出版事項: Hà Nội Nông nghiệp 1997
主題:
タグ: タグ追加
タグなし, このレコードへの初めてのタグを付けませんか!
Thư viện lưu trữ: Trung tâm Học liệu Trường Đại học Cần Thơ
LEADER 00814nam a2200181Ia 4500
001 CTU_16550
008 210402s9999 xx 000 0 und d
082 |a 632.95 
082 |b Th107 
100 |a Nguyễn Xuân Thành 
245 0 |a Nông dược sử dụng và bảo quản 
245 0 |c Nguyễn Xuân Thành 
260 |a Hà Nội 
260 |b Nông nghiệp 
260 |c 1997 
520 |a Cuốn sách phục vụ cho nhiều đối tượng, không đi quá sâu, quá chi tiết vào chuyên môn của nông dược mà chỉ nêu những vấn đề chung nhất, cô đọng nhất về những nông dược thông dụng. 
650 |a agricultural chemicals,herbicides 
980 |a Trung tâm Học liệu Trường Đại học Cần Thơ